ORGANIZATIONAL BEHAVIOUR & MANAGEMENT (Record no. 4386)

MARC details
000 -LEADER
fixed length control field 00370nam a22001457a 4500
008 - FIXED-LENGTH DATA ELEMENTS--GENERAL INFORMATION
fixed length control field 250729b |||||||| |||| 00| 0 eng d
020 ## - INTERNATIONAL STANDARD BOOK NUMBER
ISBN 9781260083958
100 ## - MAIN ENTRY--AUTHOR
Author KONOPASKE ROBERT
245 ## - TITLE STATEMENT
Title ORGANIZATIONAL BEHAVIOUR & MANAGEMENT
250 ## - EDITION STATEMENT
Edition statement 11th
260 ## - PUBLICATION, DISTRIBUTION, ETC. (IMPRINT)
Place of publication NEW YORK
Name of publisher MC GRAW-HILL EDUCATION
Date of publication 2019
300 ## - COLLATION
Pagination 604p.
942 ## - ADDED ENTRY ELEMENTS (KOHA)
Item type Books
050 ## - LIBRARY OF CONGRESS CALL NUMBER
Classification number HD 58.7
Item number .K17
Holdings
Source of classification or shelving scheme Not for loan Permanent location Current location Date acquired Accession No. Full call number Barcode. Koha item type
Library of Congress Classification   Samuel Ogbemudia Main Library, University of Abuja Samuel Ogbemudia Main Library, University of Abuja 07/29/2025 2019/55547 HD 58.7.K17 2025-3162 Books